Catalog

Record Details

Catalog Search



One World : 6-15 3 2012 Prague : youth quake : international human rights documentary film festival  Cover Image Book Book

One World : 6-15 3 2012 Prague : youth quake : international human rights documentary film festival / [People in need]

Record details

  • Physical Description: 199 s. ; 23 cm
  • Publisher: Praha : Člověk v tísni - společnost při České televizi, 2012

Content descriptions

General Note:
Název z obálky
Language Note:
Souběžný český text
Subject: Jeden svět (festival)
filmové festivaly a přehlídky > Česko
dokumentární filmy
lidská práva
film festivals > Czechia
documentary films
human rights
Praha (Česko)
Prague (Czechia)
Genre: katalogy
catalogs

Available copies

  • 1 of 1 copy available at Common Catalog SPOK.

Holds

  • 0 current holds with 1 total copy.
Show Only Available Copies
Location Call Number / Copy Notes Barcode Shelving Location Status Due Date
Varianty Cho On 4605401198 Šafaříkova 17 - 5. patro, chodba Available -

LDR 02210nam a2200589 a 4500
00131721
003CZ-PrJAB
00520190508071741.0
007ta
008060314s2012 xr ar c 0 a0eng
035 . ‡a(CZ PrNK)nkc20061646926
035 . ‡a(OCoLC)83979447
040 . ‡aABA001 ‡bcze
0411 . ‡aeng ‡acze ‡hcze
043 . ‡ae-xr--- ‡be-xr-pg ‡2czenas
045 . ‡ax9y0
072 7. ‡a791 ‡xFilm. Cirkus. Lidová zábava ‡2Konspekt ‡93
080 . ‡a791.65.079 ‡2MRF
080 . ‡a791.229.2 ‡2MRF
080 . ‡a342.7 ‡2MRF
080 . ‡a(437.311) ‡2MRF
080 . ‡a(083.81) ‡2MRF
1112 . ‡aJeden svět (festival) ‡7ko2004226017
24510. ‡aOne World : ‡b6-15 3 2012 Prague : youth quake : international human rights documentary film festival / ‡c[People in need]
24631. ‡aJeden svět
260 . ‡aPraha : ‡bČlověk v tísni - společnost při České televizi, ‡c2012
300 . ‡a199 s. ; ‡c23 cm
500 . ‡aNázev z obálky
546 . ‡aSouběžný český text
61127. ‡aJeden svět (festival) ‡7ko2004226017 ‡2czenas
65007. ‡afilmové festivaly a přehlídky ‡7ph120194 ‡zČesko ‡2czenas
65007. ‡adokumentární filmy ‡7ph127366 ‡2czenas
65007. ‡alidská práva ‡7ph122331 ‡2czenas
65009. ‡afilm festivals ‡zCzechia ‡2eczenas
65009. ‡adocumentary films ‡2eczenas
65009. ‡ahuman rights ‡2eczenas
651 7. ‡aPraha (Česko) ‡7ge118011 ‡2czenas
651 9. ‡aPrague (Czechia) ‡2eczenas
655 7. ‡akatalogy ‡7fd132535 ‡2czenas
655 9. ‡acatalogs ‡2eczenas
7102 . ‡aČlověk v tísni (společnost) ‡7kn20010711291
910 . ‡aABH006
901 . ‡a31721 ‡b ‡c31721 ‡tbiblio

Additional Resources